Répliques Les Visiteurs - Statistiques

Statistiques générales
  • Ce quiz a été pris 45 fois
  • Le résultat moyen est 2 sur 15
Statistiques - réponses
Répliques Réponses % Correct
J'ai omis les œufs de caille ? C'est une catastrophe
77%
Jacquouille, donne-moi la gourdasse, _________ Le voyage m'a donné grand soif
36%
Merci la gueuse, _________ Tu es un laideron mais tu es bien bonne
28%
C'est mardi gras, _________ Vous êtes déguisé comme au carnaval
18%
Que fais-tu maraud ? _________ Je priais pour le salut de son âme
13%
J'emmène pas la clocharde ! _________ Ma voiture c'est pas l'arche de Noé !
10%
Messire, messire, un sarrasin dans une charriote du diable ! _________ C'est tout ferré, y'a point d'bœuf pour tirer
0%
Ma fillotte ! Que fait ton mari cul nu devant cette femme, elle lui frotte le fessard ! _________ Hub, c’est une infirmière qui fait une piqûre
0%
J’avais un copain à l’ENA qui s’appelait François Lecul _________ Il a changé son nom en Lefu ça a a changé sa vie
0%
Mais Monsieur Ouille, pas avec votre poncho _________ Je vais chercher des serpillères
0%
T'as pas vu ton pif ? _________ Quand tu t'mouches, t'as pas l'impression d'serrer la main à un pote ?
0%
Ce nez... ce regard biaiseux, _________ Tu es le petit filliot de la fripouille !
0%
Est-ce que vous auriez un pola ? _________ Un Polaroïd Jacques ! Le nôtre est cassé, les enfants l'ont jeté dans les cabinets...
0%
Bah, qu'est-ce que c'est que cette flotte ? _________ Y'a de l'eau dans tout le salon, on patauge !
0%
Y'a un tel bordel dans ce vieux sac _________ Y'a trop de poches on pourrait chier dedans !
0%
Aucun quiz correspondant
Distribution des résultats
% des personnes avec chaque résultat
Percentile par nombre de réponses
Votre historique - résultats
Vous n’avez pas pris ce quiz